| 000 | 00554nam a22001817a 4500 | ||
|---|---|---|---|
| 005 | 20251108172305.0 | ||
| 008 | 250721s1987 xx 000 0 ara d | ||
| 082 | 1 | 4 | _a614.87/سار |
| 100 | 1 | _aسارة، سمير عادل | |
| 245 | 1 | 0 | _aالإصابات الرياضية و علاجها / |
| 264 | 1 |
_aعمان : _bالجامعة الأردنية، _c1987. |
|
| 300 | _a112ص. | ||
| 650 | 1 | 7 | _aالإسعافات الأولية |
| 650 | 1 | 7 | _aإصابات الملاعب |
| 700 | 1 | _aالربضي، جميل | |
| 942 |
_2ddc _cBK |
||
| 999 |
_c75293 _d75293 |
||